Movies Quiz

Random Movies or Decade Quiz

Five Decade Movie Medley IV Quiz Stats

 Plays Quiz Updated Dec 18, 2018

Support Sporcle.
Go Orange.
Score 0/25 Timer 07:00
0 Plays Today
Hint Answer % Correct
2000s PixarFinding Nemo
92.9%
Monsters, Inc.
89.4%
The Incredibles
86.5%
Good Morning, Vietnam
86.5%
WALL-E
85.7%
1960s HepburnBreakfast at Tiffany's
84.9%
The Big Lebowski
79.9%
Ratatouille
79.8%
1950s Best PictureBen-Hur
79.7%
1980s VietnamPlatoon
73.6%
Full Metal Jacket
69.8%
My Fair Lady
62.4%
Fear and Loathing in Las Vegas
59.7%
Hint Answer % Correct
Born on the Fourth of July
58.8%
1990s Stoner MoviesDazed and Confused
51.4%
The Bridge on the River Kwai
51.1%
Friday
46.7%
All About Eve
37.8%
Marty
25.3%
An American in Paris
24.3%
Half Baked
21%
Charade
20.5%
Wait Until Dark
16.6%
Casualties of War
13.7%
How to Steal a Million
8.2%

From the Vault

Superheroes by Keychain

by alinrotundu

It would be pretty embarrassing to lose the keys to the Batmobile.
Remove Ads.
Support Sporcle.
Get the best of Sporcle when you Go Orange. This ad-free experience offers more features, more stats, and more fun while also helping to support Sporcle. Thank you for becoming a member.

Show Comments

Extras

Top Quizzes Today


Score Distribution

Your Account Isn't Verified!

In order to create a playlist on Sporcle, you need to verify the email address you used during registration. Go to your Sporcle Settings to finish the process.

Report this User

Report this user for behavior that violates our Community Guidelines.

Details: